000 00486nam a2200169 i 4500
001 85835
003 ES-MaACL
005 20230906175323.0
007 t|
008 041202s1912 xxu ||||1| eng d
100 1 _aKeeble, Frederick.
_967706
245 1 0 _aPlant-animals
_b: a study in symbiosis /
_cby Frederick Keeble.
250 _a[1st ed.].
260 _aCambridge :
_bUniversity Press,
_c1912.
300 _aVIII, 163 p., 1 lám. :
_bil. ;
_c16 cm.
852 _aES-MaACL
_jD-3306
999 _c85835
_d85835